Focus on retailing (Record no. 3128)

MARC details
000 -LEADER
fixed length control field 01382cab a2200241 4500
001 - CONTROL NUMBER
control field ABS37562
008 - FIXED-LENGTH DATA ELEMENTS--GENERAL INFORMATION
fixed length control field 090401t1987 xxu||||| |||| 00| 0 eng d
035 ## - SYSTEM CONTROL NUMBER
System control number (Sirsi) u5244
041 ## - LANGUAGE CODE
Language code of text/sound track or separate title eng
100 ## - MAIN ENTRY--PERSONAL NAME
Personal name Williams, J et al
245 ## - TITLE STATEMENT
Title Focus on retailing
260 ## - PUBLICATION, DISTRIBUTION, ETC.
Date of publication, distribution, etc. 1987
350 ## - PRICE (NR) (BK AM CF MU VM SE) [OBSOLETE]
Price 0
490 ## - SERIES STATEMENT
Series statement Estates Gazette
Volume/sequential designation 281 (6324) 7 March 1987, 1035-1061 (17)
520 ## - SUMMARY, ETC.
Summary, etc. This comprehensive report on retailing begins with a discussion on the planning aspects for the foreseeable future referring to both High Street shopping and out-of-town shopping . Continues with a review of American shopping centre design and what lessons can be learned from it. Among the UK examples described are the Lakeside scheme at Thurrock in Essex, the Metrocentre , Gateshead , Tyne-and-Wear and the Butts Centre , Reading , Berkshire. Acknowledges the changing demands and expectations of the contemporary shopper noting the need for speciality shopping . Reports on trends in retail warehousing and the concept of leisure-led retailing developments. Concludes with a discussion on auto centres , shopping centres which sell cars, a type of development which is taking off in the United States .
650 ## - SUBJECT ADDED ENTRY--TOPICAL TERM
Topical term or geographic name entry element AUTO CITY
650 ## - SUBJECT ADDED ENTRY--TOPICAL TERM
Topical term or geographic name entry element HYPER AUTO
650 ## - SUBJECT ADDED ENTRY--TOPICAL TERM
Topical term or geographic name entry element HYPERMARKETS
650 ## - SUBJECT ADDED ENTRY--TOPICAL TERM
Topical term or geographic name entry element SUPERSTORES
690 ## - LOCAL SUBJECT ADDED ENTRY--TOPICAL TERM (OCLC, RLIN)
Topical term or geographic name as entry element PROPERTY-COMMERCIAL PROPERTY
942 ## - ADDED ENTRY ELEMENTS (KOHA)
Suppress in OPAC 0
948 ## - LOCAL PROCESSING INFORMATION (OCLC); SERIES PART DESIGNATOR (RLIN)
c (OCLC) 04/03/1997
Holdings
Withdrawn status Lost status Source of classification or shelving scheme Damaged status Not for loan Home library Current library Shelving location Date acquired Total Checkouts Full call number Barcode Date last seen Copy number Price effective from Koha item type
    Dewey Decimal Classification     London London Journal article 14/09/1999   ABS37562 5244-1001 06/08/2019 1 06/08/2019 Journal article